000 00627nam a2200229Ia 4500
003 OSt
005 20220918191859.0
006 a|||||r|||| 00| 0
007 ta
008 220917b |||||||| |||| 00| 0 eng d
024 _a65,600
037 _cTextual
040 _aARTS
_cARTS
_beng
041 _2eng
_aeng
082 _aR3v1:N3, J0-;1
100 _aFerm Vergilius Ed.
_94998
245 0 _aHistory of philosophical systems
260 _aNew York
_bPhilosophical Library
_c1950
650 _aMETAPHYSICS
_913358
942 _hR3v1:N3, J0-;1
_cTEXL
_2CC
999 _c191843
_d191843